000 00610nam a2200229Ia 4500
003 OSt
005 20221007070727.0
006 a|||||r|||| 00| 0
007 ta
008 221006b |||||||| |||| 00| 0 eng d
024 _a44,859
037 _cTextual
040 _aFLL
_cFLL
_beng
041 _2eng
_aeng
082 _aV2:2, Q7
100 _aKASHYAP Subhash C
245 0 _aWe, the people and our constitution
260 _aGurgaon
_buniversity law Publishing India
_c2017
300 _ax,348p.
_ccm.
942 _hV2:2, Q7
_cTEXL
_2CC
999 _c1141371
_d1141371